| 000 | 00415nam a2200181Ia 4500 | ||
|---|---|---|---|
| 001 | 9051 | ||
| 005 | 20260306160655.0 | ||
| 008 | 260306t2000||||xx |||||||||||||| ||spa|| | ||
| 041 | _aESP | ||
| 082 |
_a372.41 _bZ42 |
||
| 100 |
_aZapata Santillana, Everardo _eAUT |
||
| 245 | 0 | _aCoquito 2000 | |
| 260 | _c2000 | ||
| 300 |
_a238 páginas : _c28 cm. |
||
| 650 | _aGEN | ||
| 654 | _aCED | ||
| 942 |
_cLIB _dJUS _fJUS _2ddc _n |
||
| 999 |
_c9051 _d9051 |
||